000 01955cam a2200373 a 4500
001 232184
003 OSt
005 20230621120725.0
008 990429s1996 dcu b i100 0 eng
010 _a 99201318
035 _a(CU)GLAD117979331
035 _a(CStRLIN)CUBGGLAD117979331-B
040 _aDLC
_cDLC
_dDLC
042 _alccopycat
043 _afb-----
082 0 0 _a328/.0967
_221
_bEDI
111 2 _aAfrican Parliamentarians Meeting
_d(1996 :
_cAddis Ababa, Ethiopia)
245 1 0 _aParliamentarians & the sustenance of political liberalisation in Africa :
_bsumary report & papers of an international conference jointly organised by the Africa Leadership Forum and the Economic Commission for Africa : Addis Ababa, Ethiopia, 5-7 April 1996 /
_c[compiled & edited by Ayodele Aderinwale].
246 3 _aParliamentarians and the sustenance of political liberalisation in Africa
260 _aWashington, D.C. :
_bEconomic Development of the World Bank (EDI), Regulatory Reform and Private Enterprise Division,
_cc1996.
300 _aiv, 238 p. ;
_c28 cm.
504 _aIncludes bibliographical references.
650 0 _aLegislators
_zAfrica, Sub-Saharan
_vCongresses.
650 0 _aLegislative bodies
_zAfrica, Sub-Saharan
_vCongresses.
650 0 _aPolitical leadership
_zAfrica, Sub-Saharan
_vCongresses.
650 0 _aRepresentative government and representation
_zAfrica, Sub-Saharan
_vCongresses.
650 0 _aPolitical participation
_zAfrica, Sub-Saharan
_vCongresses.
700 1 _aAderinwale, Ayodele.
710 2 _aAfrica Leadership Forum.
710 2 _aUnited Nations.
_bEconomic Commission for Africa.
906 _a7
_bcbc
_ccopycat
_d2
_encip
_f19
_gy-gencatlg
942 _2ddc
_cBK
999 _c2140
_d2140